1555 1611 1053 1443 1949 1560 1096 1001 1048 1112 1771 1334 1505 1342 1054 1060 1575 1704 1730 1973 1595 1430 1572 1456 1043 1430 1847 1700 1572 1162 1939 1235 1894 1143 1086 1301 1648 1372 1163 1840 1396 1021 1034 1595 1764 1231 1979 1217 1406 1495 1475 1173 1527 1341 1373 1897 1450 1012 1641 1089 1363 1106 1788 1214 1684 1686 1504 1281 1404 1721 1804 1547 1537 1738 1165 1582 1149 1871 1012 1130 1794 1855 1676 1329 1759 1857 1669 1816 1963 1384 1381 1657 1655 1467 1613 1364 1413 1706 1355 BCNSPRNW ULIB Ver.6.0+V

เปลี่ยนเป็นภาษาไทย

Change to English
 แสดงรายละเอียดบรรณานุกรม
  กลับหน้าหลัก

Brief Record : Get Marc (ISO 2709) : E-mail record : QR code < ปิดหน้าต่าง
LEADER : 00000nam 2200000uu 4500
001    13399127304
003     ULIB
008    200408s2562||||th 000 0 tha d
020    ^a9786164880351
040    ^absi
060 04 ^aWB105^bก451
245 00 ^aการดูแลรักษาภาวะช็อกในห้องฉุกเฉิน =^bComprehensive shockresuscitation in emergency department /^cบรรณาธิการ, วินชนะศรีวิไลทนต์
246 31 ^aComprehensive shock resuscitation in emergency department
250    ^aพิมพ์ครั้งที่ 2
260    ^aกรุงเทพฯ :^bภาควิชาเวชศาสตร์ฉุกเฉิน คณะแพทยศาสตร์มหาวิทยาลัยธรรมศาสตร์,^c2562
300    ^a159 หน้า :^bภาพประกอบ (สีบางภาพ) ;^c30 ซม.
650  2 ^aShock^xtherapy
650  2 ^aShock, Traumatic
650  2 ^aResuscitation
650  4 ^aช็อค^xการรักษา
700 0  ^aวินชนะ ศรีวิไลทนต์,^eบรรณาธิการ
710 2  ^aมหาวิทยาลัยธรรมศาสตร์.^bคณะแพทยศาสตร์.^bภาควิชาเวชศาสตร์ฉุกเฉิน
945    ^p300^l0^i006784
945    ^p300^l0^i006785
945    ^p300^l0^i006786
945    ^p300^l0^i006787
945    ^p300^l0^i006788
945    ^p300^l0^i006789
945    ^p300^l0^i006790
945    ^p300^l0^i006791
945    ^p300^l0^i006792
945    ^p300^l0^i006793
999    ^aประนอม เกษจรัล
รายการนี้ยังไม่มีแท็ก
คุณยังไม่ได้ล็อกอิน คุณสามารถมีกิจกรรมร่วมกับเว็บไซต์ได้ แต่ต้องล็อกอินก่อน ::
  ล็อกอิน

รายการสื่อสารสนเทศ

ลำดับที่ ประเภท เลขเรียก/บาร์โค้ด สถานที่ สถานะ
1. วิทยาศาสตร์การแพทย์ และสุขภาพ
หนังสือสำรอง
สถานะ=หนังสือสำรอง
WB105 ก451 ฉ.1 
  Barcode: 006784
ห้องสมุดวิทยาเขตสวรรค์ประชารักษ์
►หนังสือทั่วไป
บนชั้น
2. วิทยาศาสตร์การแพทย์ และสุขภาพ
วิทยาศาสตร์การแพทย์ และสุขภาพ
WB105 ก451 ฉ.10 
  Barcode: 006793
ห้องสมุดวิทยาเขตสวรรค์ประชารักษ์
►หนังสือทั่วไป
บนชั้น
3. วิทยาศาสตร์การแพทย์ และสุขภาพ
วิทยาศาสตร์การแพทย์ และสุขภาพ
WB105 ก451 ฉ.2 
  Barcode: 006785
ห้องสมุดวิทยาเขตสวรรค์ประชารักษ์
►หนังสือทั่วไป
บนชั้น
4. วิทยาศาสตร์การแพทย์ และสุขภาพ
วิทยาศาสตร์การแพทย์ และสุขภาพ
WB105 ก451 ฉ.3 
  Barcode: 006786
ห้องสมุดวิทยาเขตสวรรค์ประชารักษ์
►หนังสือทั่วไป
บนชั้น
5. วิทยาศาสตร์การแพทย์ และสุขภาพ
วิทยาศาสตร์การแพทย์ และสุขภาพ
WB105 ก451 ฉ.4 
  Barcode: 006787
ห้องสมุดวิทยาเขตสวรรค์ประชารักษ์
►หนังสือทั่วไป
บนชั้น
6. วิทยาศาสตร์การแพทย์ และสุขภาพ
วิทยาศาสตร์การแพทย์ และสุขภาพ
WB105 ก451 ฉ.5 
  Barcode: 006788
ห้องสมุดวิทยาเขตสวรรค์ประชารักษ์
►หนังสือทั่วไป
บนชั้น
7. วิทยาศาสตร์การแพทย์ และสุขภาพ
วิทยาศาสตร์การแพทย์ และสุขภาพ
WB105 ก451 ฉ.6 
  Barcode: 006789
ห้องสมุดวิทยาเขตสวรรค์ประชารักษ์
►หนังสือทั่วไป
บนชั้น
8. วิทยาศาสตร์การแพทย์ และสุขภาพ
วิทยาศาสตร์การแพทย์ และสุขภาพ
WB105 ก451 ฉ.7 
  Barcode: 006790
ห้องสมุดวิทยาเขตสวรรค์ประชารักษ์
►หนังสือทั่วไป
บนชั้น
9. วิทยาศาสตร์การแพทย์ และสุขภาพ
วิทยาศาสตร์การแพทย์ และสุขภาพ
WB105 ก451 ฉ.8 
  Barcode: 006791
ห้องสมุดวิทยาเขตสวรรค์ประชารักษ์
►หนังสือทั่วไป
บนชั้น
10. วิทยาศาสตร์การแพทย์ และสุขภาพ
วิทยาศาสตร์การแพทย์ และสุขภาพ
WB105 ก451 ฉ.9 
  Barcode: 006792
ห้องสมุดวิทยาเขตสวรรค์ประชารักษ์
►หนังสือทั่วไป
บนชั้น

รายการใกล้เคียง
    หัวเรื่อง [Shock, Traumatic]
    หัวเรื่อง [Resuscitation]

BibComment


ยังไม่เคยถูกคอมเมนท์

คอมเมนท์ทรัพยากรรายการนี้
  คอมเมนท์: การดูแลรักษาภาวะ..


 Copyright 2026. Bcnsprnw @Library